00233nam a2200085Ia 450000100070000000500170000700800410002424500610006526000210012695892320250826215913.0250824s9999 xx 000 0 und d 0aDOĞU BATI ARASINDA İSLAMcALİYA İZZETBEGOVİÇ bKETEBE YAYINLARI